[Event "SK Herne-Sodingen 1 - Herforder SV KS 1"]
[Site "NRW-Klasse, Gruppe 2 2012/201"]
[Date "2012.10.21"]
[Round "2.7"]
[White "Heuermann, Heinz-Burkhard"]
[Black "Becker, Joerg"]
[Result "0-1"]
[WhiteElo "1948"]
[BlackElo "2170"]
[PlyCount "138"]
[EventDate "2012.??.??"]
[WhiteTeam "Herforder SV KS 1"]
[BlackTeam "SK Herne-Sodingen 1"]

1. c4 e5 2. Nc3 Bb4 3. Qc2 Nf6 4. g3 Nc6 5. e3 O-O 6. Bg2 Bxc3 7. dxc3 d6 8. e4
a5 9. b3 a4 10. Bb2 axb3 11. axb3 Rxa1+ 12. Bxa1 Be6 13. Ne2 Nd7 14. O-O f5 15.
f4 g6 16. Bb2 Nc5 17. fxe5 Nxe5 18. Nd4 Bc8 19. exf5 gxf5 20. Nxf5 Bxf5 21.
Rxf5 Rxf5 22. Qxf5 Nxb3 23. Bxb7 c6 24. Kg2 Kg7 25. Ba3 Na5 26. Bc8 Naxc4 27.
Bc1 Qf6 28. Qh5 Qg6 29. Qe2 Qd3 30. Qxd3 Nxd3 31. Bg5 h6 32. Bd8 Nc5 33. Kf1
Kf7 34. Ke2 Ne6 35. Bh4 Ne5 36. Bb7 Nc5 37. Ba8 Ke6 38. h3 Kd7 39. Bf6 Ne4 40.
Bxe5 dxe5 41. Kf3 Nxc3 42. Bb7 Kd6 43. Ba6 Kd5 44. g4 Nb5 45. h4 Ke6 46. Ke3
Nd6 47. Be2 Kf6 48. Bf3 c5 49. Bd5 Ne8 50. Ke4 Nd6+ 51. Kd3 Kg6 52. Bf3 Kg7 53.
Bd5 Kf6 54. Bg8 e4+ 55. Ke3 Ke5 56. Bh7 Nc4+ 57. Ke2 Kf4 58. g5 Nd6 59. gxh6
Nf7 60. Bg8 Nxh6 61. Be6 Nf5 62. Bxf5 Kxf5 63. Ke3 c4 64. h5 c3 65. h6 Kg6 66.
h7 Kxh7 67. Ke2 Kg6 68. Kd1 e3 69. Ke2 c2 0-1

[Event "SK Herne-Sodingen 1 - Herforder SV KS 1"]
[Site "NRW-Klasse, Gruppe 2 2012/201"]
[Date "2012.10.21"]
[Round "2.8"]
[White "Trzaska, Peter"]
[Black "Schmitz, Thorsten"]
[Result "1/2-1/2"]
[WhiteElo "2058"]
[BlackElo "2039"]
[PlyCount "36"]
[EventDate "2012.??.??"]
[WhiteTeam "SK Herne-Sodingen 1"]
[BlackTeam "Herforder SV KS 1"]

1. c4 c5 2. Nf3 Nf6 3. d4 cxd4 4. Nxd4 g6 5. Nc3 Bg7 6. g3 O-O 7. Bg2 Nc6 8.
Nc2 d6 9. O-O Be6 10. b3 Qd7 11. Bb2 Bh3 12. Ne3 Bxg2 13. Kxg2 Ne4 14. Qc2 Ng5
15. Ncd5 f5 16. Bxg7 Kxg7 17. Qb2+ Kg8 18. f4 Ne4 1/2-1/2

[Event "Oberhausener SV 1 - SK KS Iserlohn 1"]
[Site "NRW-Klasse, Gruppe 2 2012/201"]
[Date "2012.11.18"]
[Round "3.1"]
[White "Scheider, Julian"]
[Black "Hort, Vlastimil"]
[Result "0-1"]
[WhiteElo "2335"]
[BlackElo "2411"]
[PlyCount "134"]
[EventDate "2012.??.??"]
[WhiteTeam "SK KS Iserlohn 1"]
[BlackTeam "Oberhausener SV 1"]

1. e4 c5 2. Nf3 e6 3. d4 cxd4 4. Nxd4 a6 5. Nc3 Qc7 6. Bd3 Nc6 7. Nxc6 bxc6 8.
O-O d5 9. Qe2 Bb7 10. f4 Nf6 11. e5 Nd7 12. Na4 g6 13. c4 d4 14. Bd2 c5 15. Be4
a5 16. Rf3 Bg7 17. Rb3 Bxe4 18. Qxe4 O-O 19. Rb7 Qc8 20. Rf1 Ra6 21. Rb5 f6 22.
exf6 Bxf6 23. b3 Bd8 24. Re1 Rf7 25. Qb7 Qxb7 26. Rxb7 Rc6 27. Rb5 Bc7 28. g3
e5 29. fxe5 Nxe5 30. Kg2 Nd3 31. Re2 Rcf6 32. Bxa5 Bxa5 33. Rxa5 Rf2+ 34. Rxf2
Rxf2+ 35. Kg1 Rxa2 36. Rb5 Ne5 37. Rxc5 Nf3+ 38. Kf1 Nxh2+ 39. Ke1 Nf3+ 40. Kf1
Nd2+ 41. Kg1 Nxb3 42. Rc8+ Kf7 43. Nc5 Nxc5 44. Rxc5 Rc2 45. Kf1 Kf6 46. Kg1 h5
47. Kf1 g5 48. Kg1 h4 49. gxh4 gxh4 50. Rd5 Rxc4 51. Kf2 Ke6 52. Rh5 d3 53. Ke3
Rd4 54. Rh6+ Kf5 55. Kxd4 d2 56. Rxh4 d1=Q+ 57. Kc5 Ke5 58. Rh8 Qc2+ 59. Kb4
Qc7 60. Rh5+ Kd4 61. Rh4+ Kd3 62. Rh3+ Kc2 63. Rh5 Qe7+ 64. Ka5 Kb3 65. Kb6 Kc4
66. Ka6 Qe6+ 67. Ka5 Qf7 0-1

[Event "Oberhausener SV 1 - SK KS Iserlohn 1"]
[Site "NRW-Klasse, Gruppe 2 2012/201"]
[Date "2012.11.18"]
[Round "3.2"]
[White "Becker, Marcel"]
[Black "Naundorf, Maik"]
[Result "1-0"]
[WhiteElo "2328"]
[BlackElo "2040"]
[Annotator "Doe,John"]
[PlyCount "179"]
[EventDate "2012.??.??"]
[WhiteTeam "Oberhausener SV 1"]
[BlackTeam "SK KS Iserlohn 1"]

1. d4 Nf6 2. c4 g6 3. Nc3 d5 4. Nf3 Bg7 5. Bg5 Ne4 6. Bh4 Nxc3 7. bxc3 dxc4 8.
Qa4+ Qd7 9. Qxc4 b6 10. e3 Ba6 11. Qb3 Bxf1 12. Kxf1 Nc6 13. Ke2 Na5 14. Qb4 c5
15. dxc5 Rc8 16. Rhd1 Qe6 17. Qa4+ Qc6 18. Qxc6+ Rxc6 19. cxb6 axb6 20. Rac1
Bxc3 21. Rd5 f6 22. Kd3 Bb4 23. Rxc6 Nxc6 24. Kc4 Bc5 25. Kb5 Na7+ 26. Ka6 Nc6
27. Kb7 Nd8+ 28. Kc7 Ne6+ 29. Kc6 Kf7 30. Bg3 Ra8 31. Rd2 Ra4 32. Rc2 Nd8+ 33.
Kd7 Ne6 34. Nd2 Ra7+ 35. Kc6 Nd8+ 36. Kb5 Ra5+ 37. Kc4 Ra4+ 38. Kc3 Nc6 39. Nb3
Ba3 40. Nd4 Na5 $11 41. Kd3 Bc5 42. Nb3 Nb7 43. Bc7 Ke6 44. Nxc5+ Nxc5+ 45. Kd2
Na6 46. Bxb6 Nb4 47. Rb2 Nxa2 48. Bc5 Rc4 49. Bxe7 Kxe7 50. Rxa2 h5 51. Ra6 Rh4
52. h3 Rb4 53. Ke2 Rc4 54. Kf3 Kf7 55. Ra7+ Ke6 56. g3 Rb4 57. h4 Kf5 58. Ra6
Rc4 59. e4+ Ke5 60. Ra5+ Ke6 61. Kf4 Kf7 62. Ra7+ Kg8 63. f3 Rb4 64. g4 hxg4
65. fxg4 Rb1 66. g5 Rf1+ 67. Ke3 fxg5 68. hxg5 Kf8 69. Kd4 Rg1 70. Ke5 Rb1 71.
Rd7 Rb5+ 72. Rd5 Rb6 73. Rd6 Rb5+ 74. Kf6 Ke8 75. Ra6 Rb4 76. e5 Rf4+ 77. Kxg6
Ke7 78. Kg7 Rf5 79. g6 Rxe5 80. Ra1 Re2 81. Rf1 Rg2 82. Re1+ Kd6 83. Kf7 Rf2+
84. Kg8 Rg2 85. g7 Kd7 86. Re4 Kd8 87. Kf7 Rf2+ 88. Kg6 Rg2+ 89. Kf6 Kd7 90.
Re5 1-0

[Event "Oberhausener SV 1 - SK KS Iserlohn 1"]
[Site "NRW-Klasse, Gruppe 2 2012/201"]
[Date "2012.11.18"]
[Round "3.3"]
[White "Messarius, Juergen"]
[Black "Kaufeld, Juergen"]
[Result "0-1"]
[WhiteElo "2197"]
[BlackElo "2274"]
[Annotator "Doe,John"]
[PlyCount "70"]
[EventDate "2012.??.??"]
[WhiteTeam "SK KS Iserlohn 1"]
[BlackTeam "Oberhausener SV 1"]

1. e4 c5 2. Nf3 d6 3. Bb5+ Nd7 4. d4 cxd4 5. Qxd4 a6 6. Bxd7+ Bxd7 7. O-O Rc8
8. Nc3 e5 9. Qd3 h6 10. a4 Nf6 11. b3 Qc7 12. Bb2 Be7 13. Rac1 O-O 14. Rfe1 Be6
15. Nd5 Nxd5 16. exd5 Bd7 17. c4 b6 18. Ba3 Bf6 19. a5 bxa5 20. c5 Bb5 21. Qd2
dxc5 22. Bxc5 Rfe8 23. d6 Qd7 24. Qxa5 e4 25. Nd2 $11 Bg5 26. h4 Bf4 27. Qb4
Rc6 28. g3 Qh3 29. Nxe4 Bxc1 30. Nf6+ gxf6 31. Rxe8+ Kg7 32. Re1 Bd2 33. Qxd2
Rxc5 34. Qd4 Bc6 35. f3 Qxg3+ 0-1

[Event "Oberhausener SV 1 - SK KS Iserlohn 1"]
[Site "NRW-Klasse, Gruppe 2 2012/201"]
[Date "2012.11.18"]
[Round "3.4"]
[White "Litwak, Aleksej"]
[Black "Schmuecker, Marcus"]
[Result "1/2-1/2"]
[WhiteElo "2244"]
[BlackElo "2136"]
[Annotator "Doe,John"]
[PlyCount "93"]
[EventDate "2012.??.??"]
[WhiteTeam "Oberhausener SV 1"]
[BlackTeam "SK KS Iserlohn 1"]

1. e4 d5 2. exd5 Qxd5 3. Nc3 Qd6 4. d4 Nf6 5. Nf3 c6 6. Ne5 Nbd7 7. Nc4 Qc7 8.
Qf3 Nb6 9. Bf4 Qd7 10. Ne5 Qxd4 11. Rd1 Qc5 12. Be2 Be6 13. O-O Nbd5 14. Ne4
Nxe4 15. Qxe4 g6 16. Nd3 Qb6 17. Be5 Nf6 18. Bxf6 exf6 19. Nf4 Qb4 20. c4 Qe7
21. Rfe1 Bh6 22. Nxe6 fxe6 23. Bg4 f5 24. Qxe6 Qxe6 25. Rxe6+ Kf7 26. Bxf5 Rad8
27. Red6 Rxd6 28. Rxd6 Re8 $11 29. Kf1 Bf4 30. Rd7+ Re7 31. Rxe7+ Kxe7 32. Bc8
b6 33. h4 h6 34. Ke2 Kf6 35. b4 Bd6 36. b5 cxb5 37. cxb5 g5 38. h5 Ke5 39. Kd3
Bc5 40. f3 Bf2 41. Kc4 Bg3 42. a4 Bf2 43. Bd7 Bg3 44. Kd3 Bh2 45. Ke2 Kf4 46.
Kd3 Ke5 47. Ke2 1/2-1/2

[Event "Oberhausener SV 1 - SK KS Iserlohn 1"]
[Site "NRW-Klasse, Gruppe 2 2012/201"]
[Date "2012.11.18"]
[Round "3.5"]
[White "Klauke, Stefan"]
[Black "Nissen, Claus"]
[Result "1-0"]
[WhiteElo "2130"]
[BlackElo "2144"]
[PlyCount "63"]
[EventDate "2012.??.??"]
[WhiteTeam "SK KS Iserlohn 1"]
[BlackTeam "Oberhausener SV 1"]

1. e4 e6 2. d4 d5 3. Nc3 Bb4 4. exd5 exd5 5. Bd3 c5 6. a3 Ba5 7. Nf3 cxd4 8.
Nxd4 Nc6 9. Be3 Nf6 10. O-O O-O 11. h3 Bc7 12. Nce2 Re8 13. c3 Ne4 14. Bc2 a6
15. Bf4 Ne5 16. Ng3 Qf6 17. Bxe5 Qxe5 18. Bxe4 dxe4 19. Re1 f5 20. Qb3+ Kh8 21.
Rad1 Qf6 22. Qc4 Be5 23. Nf1 Qg6 24. Qd5 Bf6 25. Ng3 f4 26. Nxe4 Bxd4 27. cxd4
Bxh3 28. Ng5 Bf5 29. Nf7+ Kg8 30. Nh6+ Kh8 31. Nxf5 Red8 32. Qe4 1-0

[Event "Oberhausener SV 1 - SK KS Iserlohn 1"]
[Site "NRW-Klasse, Gruppe 2 2012/201"]
[Date "2012.11.18"]
[Round "3.6"]
[White "Joergens, Markus"]
[Black "Franke, Thomas"]
[Result "1/2-1/2"]
[WhiteElo "2095"]
[BlackElo "2028"]
[PlyCount "34"]
[EventDate "2012.??.??"]
[WhiteTeam "Oberhausener SV 1"]
[BlackTeam "SK KS Iserlohn 1"]

1. d4 Nf6 2. c4 g6 3. Nc3 Bg7 4. e4 d6 5. Be2 O-O 6. Bg5 Na6 7. h4 e5 8. d5 c6
9. Qd2 cxd5 10. cxd5 Nc5 11. f3 Bd7 12. b4 Na4 13. Nb5 Qe7 14. Qc2 a6 15. Qxa4
h6 16. Be3 axb5 17. Qc2 Nh5 1/2-1/2

[Event "Oberhausener SV 1 - SK KS Iserlohn 1"]
[Site "NRW-Klasse, Gruppe 2 2012/201"]
[Date "2012.11.18"]
[Round "3.7"]
[White "Kramps, Rene"]
[Black "Roitburd, Talik"]
[Result "1-0"]
[WhiteElo "2010"]
[BlackElo "2115"]
[Annotator "Doe,John"]
[PlyCount "81"]
[EventDate "2012.??.??"]
[WhiteTeam "SK KS Iserlohn 1"]
[BlackTeam "Oberhausener SV 1"]

1. d4 Nf6 2. Nd2 d6 3. Ngf3 g6 4. e3 Bg7 5. Be2 O-O 6. O-O Nbd7 7. b3 e5 8.
dxe5 dxe5 9. Bb2 e4 10. Ng5 Qe7 11. a4 h6 12. Ba3 c5 13. Nh3 Ne5 14. Nf4 Rd8
15. Qe1 Bf5 16. Bc4 g5 17. Ne2 h5 18. Bb2 h4 19. f4 exf3 20. Nxf3 Neg4 21.
Bxf7+ Qxf7 22. Nxg5 $11 Qg6 23. Qxh4 Bh6 24. Nh3 Bxe3+ 25. Kh1 Rf8 26. Nef4
Bxf4 27. Rxf4 Be4 28. Ng5 Bf5 29. h3 Nh6 30. Raf1 Nh5 31. R4f3 Bd7 $11 32. Qc4+
Nf7 33. Rxf7 Rxf7 34. Qxf7+ Qxf7 35. Rxf7 Be8 36. Rc7 Rd8 37. Rh7 Rd1+ 38. Kh2
Kf8 39. g4 Rd2+ 40. Kg1 Rxc2 41. Be5 1-0

[Event "Oberhausener SV 1 - SK KS Iserlohn 1"]
[Site "NRW-Klasse, Gruppe 2 2012/201"]
[Date "2012.11.18"]
[Round "3.8"]
[White "Wieder, Heiner"]
[Black "Schwanbeck, Christoph"]
[Result "0-1"]
[WhiteElo "2043"]
[BlackElo "1981"]
[PlyCount "84"]
[EventDate "2012.??.??"]
[WhiteTeam "Oberhausener SV 1"]
[BlackTeam "SK KS Iserlohn 1"]

1. e4 d5 2. exd5 Qxd5 3. Nc3 Qd6 4. Bc4 Nf6 5. Qf3 c6 6. Nge2 Bg4 7. Qg3 Nbd7
8. O-O e6 9. d4 Qxg3 10. Nxg3 Nb6 11. Bb3 O-O-O 12. h3 Bh5 13. Bg5 Bg6 14. Rad1
Be7 15. Nce2 h6 16. Bh4 Bh7 17. Bxf6 gxf6 18. Rfe1 h5 19. c4 h4 20. Nf1 Rhg8
21. Ne3 Rg5 22. f4 Rg7 23. f5 Rdg8 24. c5 Nd5 25. Bxd5 cxd5 26. Nf4 Kd7 27. Re2
Rg5 28. Rde1 Bxf5 29. Nexd5 Bd8 30. Ne3 Bc7 31. Nxf5 Rxf5 32. Nd3 Rd5 33. Re4
Bg3 34. Rd1 f5 35. Ne5+ Ke7 36. Re2 Rgd8 37. Nf3 Rxc5 38. Rf1 Rcd5 39. Rc1 f6
40. Rf1 e5 41. dxe5 fxe5 42. Rc2 e4 0-1

[Event "SG Solingen 3 - SF Neuenkirchen 1"]
[Site "NRW-Klasse, Gruppe 2 2012/201"]
[Date "2012.11.18"]
[Round "3.1"]
[White "Muschik, Benedikt"]
[Black "Kniest, Oliver"]
[Result "1/2-1/2"]
[WhiteElo "2271"]
[BlackElo "2255"]
[PlyCount "60"]
[EventDate "2012.??.??"]
[WhiteTeam "SF Neuenkirchen 1"]
[BlackTeam "SG Solingen 3"]

1. d4 Nf6 2. Bf4 d6 3. e3 g6 4. Be2 Bg7 5. h3 O-O 6. Nf3 c5 7. c3 Be6 8. dxc5
dxc5 9. O-O Nc6 10. Nbd2 Bf5 11. Bh2 Qd7 12. Nb3 b6 13. Qxd7 Nxd7 14. g4 Be4
15. Ng5 Bc2 16. Rfc1 Bxb3 17. axb3 Na5 18. Rd1 Ne5 19. f4 Nec6 20. Rd7 Rad8 21.
Rad1 Bd4 22. Rc7 Bxe3+ 23. Kf1 h6 24. Ne4 Rxd1+ 25. Bxd1 f5 26. gxf5 gxf5 27.
Nf2 Rd8 28. Bf3 Rd2 29. Bg3 Rd6 30. Ke2 Bxf2 1/2-1/2

[Event "SG Solingen 3 - SF Neuenkirchen 1"]
[Site "NRW-Klasse, Gruppe 2 2012/201"]
[Date "2012.11.18"]
[Round "3.2"]
[White "Gupta, Milon"]
[Black "Rieke, Theo"]
[Result "1-0"]
[WhiteElo "2226"]
[BlackElo "2011"]
[PlyCount "157"]
[EventDate "2012.??.??"]
[WhiteTeam "SG Solingen 3"]
[BlackTeam "SF Neuenkirchen 1"]

1. d4 Nf6 2. c4 g6 3. Nc3 Bg7 4. e4 d6 5. h3 O-O 6. Be3 e5 7. d5 a5 8. c5 Na6
9. cxd6 cxd6 10. Nf3 Nc5 11. Nd2 Ne8 12. Be2 f5 13. g4 Nf6 14. f3 Bd7 15. Qc2
Rc8 16. a4 Ne8 17. Nc4 fxe4 18. Nxe4 Bxa4 19. Rxa4 Nxe4 20. Qxe4 b5 21. Nb6 Nf6
22. Qb1 bxa4 23. Nxc8 Qxc8 24. O-O e4 25. fxe4 h5 26. e5 dxe5 27. Qxg6 hxg4 28.
hxg4 Qe8 29. Qxe8 Rxe8 30. g5 Nd7 31. Bb5 Rd8 32. Bxa4 e4 33. Rf4 Bxb2 34. Rxe4
Ne5 35. Bf4 Nd3 36. Bc7 Rf8 37. Re8 Rxe8 38. Bxe8 Bc1 39. g6 Kg7 40. Bxa5 Nf4
41. Bc3+ Kf8 42. g7+ Kg8 43. Bb5 Nh5 44. d6 Nxg7 45. Ba5 Bg5 46. Bc4+ Kh7 47.
d7 Kg6 48. Kf2 Kf5 49. d8=Q Bxd8 50. Bxd8 Ne6 51. Bb6 Ke5 52. Ke3 Kd6 53. Ba7
Nc5 54. Bb8+ Kc6 55. Kd4 Nd7 56. Bd5+ Kb5 57. Bd6 Nb6 58. Be4 Nc8 59. Bf4 Nb6
60. Bd3+ Kc6 61. Bg6 Kb5 62. Be8+ Kb4 63. Bd6+ Kb3 64. Bb5 Na4 65. Bc4+ Kc2 66.
Bb4 Nb2 67. Bd5 Na4 68. Ba5 Nb2 69. Bc6 Kb3 70. Bb5 Kc2 71. Bd7 Kb3 72. Be6+
Kc2 73. Bd5 Na4 74. Kc4 Nb2+ 75. Kb4 Nd3+ 76. Ka3 Nc1 77. Be4+ Kd1 78. Kb2 Ne2
79. Bc2# 1-0

[Event "SG Solingen 3 - SF Neuenkirchen 1"]
[Site "NRW-Klasse, Gruppe 2 2012/201"]
[Date "2012.11.18"]
[Round "3.3"]
[White "Haves, Reinhard"]
[Black "Hubert, Ralf"]
[Result "0-1"]
[WhiteElo "2174"]
[BlackElo "2252"]
[PlyCount "60"]
[EventDate "2012.??.??"]
[WhiteTeam "SF Neuenkirchen 1"]
[BlackTeam "SG Solingen 3"]

1. Nf3 Nf6 2. d4 g6 3. g3 Bg7 4. Bg2 O-O 5. O-O c6 6. c4 d6 7. Nc3 Bf5 8. d5
Ne4 9. Nd4 Nxc3 10. bxc3 Bd7 11. Qb3 c5 12. Qxb7 cxd4 13. Qxa8 Qb6 14. c5 dxc5
15. a4 dxc3 16. a5 Qa6 17. Rb1 Bb5 18. Rxb5 Qxb5 19. Qxa7 Na6 20. Bg5 c2 21.
Be4 Nb4 22. Bxe7 Qxe2 23. Bxc2 Nxc2 24. d6 Bd4 25. Qb7 Ne3 26. Rb1 Ng4 27. Qg2
Bxf2+ 28. Kh1 Ne3 29. Qe4 Be1 30. h4 Bxg3 0-1

[Event "SG Solingen 3 - SF Neuenkirchen 1"]
[Site "NRW-Klasse, Gruppe 2 2012/201"]
[Date "2012.11.18"]
[Round "3.4"]
[White "Fichtner, Ewald"]
[Black "Wilde, Pierre"]
[Result "0-1"]
[WhiteElo "2021"]
[BlackElo "2253"]
[Annotator "Doe,John"]
[PlyCount "118"]
[EventDate "2012.??.??"]
[WhiteTeam "SG Solingen 3"]
[BlackTeam "SF Neuenkirchen 1"]

1. d4 e6 2. c4 Nf6 3. g3 Bb4+ 4. Bd2 Qe7 5. Bg2 Nc6 6. Nf3 Bxd2+ 7. Qxd2 Ne4 8.
Qc2 Qb4+ 9. Nc3 Nxc3 10. Qxc3 Qxc3+ 11. bxc3 d6 12. Nd2 Na5 13. Rb1 Rb8 14. O-O
b6 15. c5 Ba6 16. cxb6 cxb6 17. Rfe1 Rc8 18. Rbc1 Ke7 19. e4 Rc7 20. Bf1 Bxf1
21. Kxf1 Rhc8 22. Nb1 b5 23. Ke2 Nc4 24. Kd3 Nb2+ 25. Kd2 e5 26. d5 a6 27. Rc2
Na4 28. Rec1 $11 f5 29. f3 fxe4 30. fxe4 Rc4 31. Ke3 R4c7 32. Kd3 Rf8 33. Nd2
Rf2 34. Nb1 Rf3+ 35. Ke2 Rf8 36. Nd2 Nc5 37. a3 Kd8 38. Rf1 Rxf1 39. Kxf1 Na4
40. c4 Nb6 41. Ke2 bxc4 42. Nf1 g6 43. Ne3 c3 44. Kd3 Na4 45. Nd1 Nc5+ 46. Ke3
Na4 47. Kd3 Rb7 48. Ra2 Nc5+ 49. Ke3 Rb3 50. Rc2 Rxa3 51. Rxc3 Rxc3+ 52. Nxc3
Kc7 53. g4 Kb6 54. h4 Ka5 55. h5 Kb4 56. Nd1 Kb3 57. h6 Kc2 58. Nf2 a5 59. Nh3
a4 0-1

[Event "SG Solingen 3 - SF Neuenkirchen 1"]
[Site "NRW-Klasse, Gruppe 2 2012/201"]
[Date "2012.11.18"]
[Round "3.5"]
[White "Buendgen, Achim"]
[Black "Neumair, Jerome"]
[Result "1/2-1/2"]
[WhiteElo "2216"]
[BlackElo "2079"]
[PlyCount "88"]
[EventDate "2012.??.??"]
[WhiteTeam "SF Neuenkirchen 1"]
[BlackTeam "SG Solingen 3"]

1. e4 e6 2. b3 d5 3. Bb2 dxe4 4. Nc3 Nf6 5. g4 e3 6. fxe3 Bd7 7. Bg2 Bc6 8. Qe2
Bxg2 9. Qxg2 Nd5 10. O-O-O Nc6 11. Nge2 Qd7 12. Rhf1 f6 13. g5 Nxc3 14. dxc3
Qf7 15. gxf6 gxf6 16. c4 e5 17. Nc3 Rg8 18. Qh3 Rg6 19. Nd5 Bh6 20. Qf5 Bg5 21.
b4 a6 22. b5 axb5 23. cxb5 Nd4 24. Qe4 O-O-O 25. c4 Qf8 26. Kb1 Ne6 27. h4 Bh6
28. h5 Rg5 29. Rxf6 Qxf6 30. Nxf6 Rxd1+ 31. Kc2 Rd8 32. Ba3 Bf8 33. Nxh7 Rxh5
34. Nxf8 Rh2+ 35. Kb3 Nxf8 36. Qxe5 Rhd2 37. Qf5+ Nd7 38. Bb4 Rd3+ 39. Kc2 Rxe3
40. c5 Re5 41. Qg4 c6 42. a4 Rde8 43. b6 R8e6 44. Qg8+ Re8 1/2-1/2

[Event "SG Solingen 3 - SF Neuenkirchen 1"]
[Site "NRW-Klasse, Gruppe 2 2012/201"]
[Date "2012.11.18"]
[Round "3.6"]
[White "Peschel, Andreas"]
[Black "Seegers, Hendrik"]
[Result "1/2-1/2"]
[WhiteElo "2184"]
[BlackElo "2178"]
[PlyCount "50"]
[EventDate "2012.??.??"]
[WhiteTeam "SG Solingen 3"]
[BlackTeam "SF Neuenkirchen 1"]

1. d4 d5 2. c4 c6 3. Nf3 e6 4. Qc2 f5 5. g3 Nf6 6. Bg2 Nbd7 7. cxd5 cxd5 8. Nc3
Bb4 9. O-O O-O 10. Nb5 Ne8 11. Bf4 Ndf6 12. Rac1 Bd7 13. Nc7 Nxc7 14. Bxc7 Qe7
15. Qb3 Bc6 16. Ne5 Bd6 17. Bxd6 Qxd6 18. Rc5 Rfc8 19. Rfc1 Nd7 20. Nxd7 Qxd7
21. Qc3 Qd8 22. e3 Bd7 23. Bf1 Rxc5 24. dxc5 Qc7 25. b4 a6 1/2-1/2

[Event "SG Solingen 3 - SF Neuenkirchen 1"]
[Site "NRW-Klasse, Gruppe 2 2012/201"]
[Date "2012.11.18"]
[Round "3.7"]
[White "Winnemoeller, Bernd"]
[Black "Auer, Martin"]
[Result "1/2-1/2"]
[WhiteElo "1975"]
[BlackElo "2172"]
[PlyCount "61"]
[EventDate "2012.??.??"]
[WhiteTeam "SF Neuenkirchen 1"]
[BlackTeam "SG Solingen 3"]

1. e4 c5 2. Nc3 Nc6 3. g3 g6 4. Bg2 Bg7 5. f4 d6 6. Nf3 e6 7. d3 Nge7 8. Be3 b6
9. Qd2 Bb7 10. O-O O-O 11. f5 exf5 12. Bh6 d5 13. Bxg7 Kxg7 14. Qf4 f6 15. Rae1
g5 16. Nxg5 fxg5 17. Qxg5+ Ng6 18. Qxd8 Raxd8 19. exf5 Nge7 20. g4 Bc8 21. Ne2
Rd6 22. Nf4 Kh8 23. Re2 Ng8 24. Bxd5 Nd4 25. Rg2 Rxd5 26. Nxd5 Bb7 27. c4 Bxd5
28. cxd5 Nf6 29. Kf2 Nxd5 30. Re1 Kg7 31. Kg3 1/2-1/2

[Event "SF Gerresheim 1 - Gütersloher SV 1"]
[Site "NRW-Klasse, Gruppe 2 2012/201"]
[Date "2012.11.18"]
[Round "3.1"]
[White "Ebert, Manuel"]
[Black "Savchenko, Viacheslav"]
[Result "1/2-1/2"]
[WhiteElo "2117"]
[BlackElo "2336"]
[PlyCount "51"]
[EventDate "2012.??.??"]
[WhiteTeam "Gütersloher SV 1"]
[BlackTeam "SF Gerresheim 1"]

1. e4 c5 2. Nf3 d6 3. d4 cxd4 4. Nxd4 Nf6 5. Nc3 e6 6. Bc4 Nc6 7. Be3 Be7 8.
Bb3 O-O 9. Qe2 a6 10. O-O-O Qc7 11. f4 Nxd4 12. Rxd4 b5 13. f5 Rb8 14. fxe6
Bxe6 15. Bf4 b4 16. Nd5 Nxd5 17. exd5 Bc8 18. Re1 Bf6 19. Rc4 Qd8 20. Rc6 Bg5
21. Qd2 Bxf4 22. Qxf4 Rb6 23. Qd4 Rb8 24. Qf4 Rb6 25. Qd4 Rb8 26. Qf4 1/2-1/2

[Event "SF Gerresheim 1 - Gütersloher SV 1"]
[Site "NRW-Klasse, Gruppe 2 2012/201"]
[Date "2012.11.18"]
[Round "3.2"]
[White "Dresen, Ulrich"]
[Black "Peter, Sebastian"]
[Result "1-0"]
[WhiteElo "2166"]
[BlackElo "2031"]
[Annotator "Doe,John"]
[PlyCount "81"]
[EventDate "2012.??.??"]
[WhiteTeam "SF Gerresheim 1"]
[BlackTeam "Gütersloher SV 1"]

1. d4 Nf6 2. Bg5 Ne4 $11 3. Bf4 c5 4. f3 Qa5+ 5. c3 Nf6 6. Nd2 cxd4 7. Nb3 Qd8
8. cxd4 a5 9. a4 e6 10. e4 Bb4+ 11. Kf2 d6 12. Be3 Bd7 13. Bd3 Bc6 14. Ne2 Qd7
15. Nd2 Qe7 16. Nc3 O-O 17. Re1 Na6 18. Kg1 e5 $11 19. d5 Bd7 20. Qe2 Nc5 21.
Rec1 Nh5 22. g3 Rac8 23. Bb5 Bh3 24. Qd1 Qf6 25. Bf1 Bd7 26. Nc4 Bxc3 27. Rxc3
Bxa4 28. Rxa4 Nxa4 29. Qxa4 Qxf3 30. Nd2 Qg4 31. Bg2 Rxc3 32. bxc3 Qe2 33. Nf1
f5 $11 34. exf5 Rxf5 35. Qe8+ Rf8 36. Qe6+ Kh8 37. Bb6 h6 38. Qxd6 Rf6 39. Qb8+
Kh7 40. Qxb7 Qb5 41. d6 1-0

[Event "SF Gerresheim 1 - Gütersloher SV 1"]
[Site "NRW-Klasse, Gruppe 2 2012/201"]
[Date "2012.11.18"]
[Round "3.3"]
[White "Scharnowski, Tobias"]
[Black "Sponheim, Olaf"]
[Result "1/2-1/2"]
[WhiteElo "2011"]
[BlackElo "2232"]
[Annotator "Doe,John"]
[PlyCount "52"]
[EventDate "2012.??.??"]
[WhiteTeam "Gütersloher SV 1"]
[BlackTeam "SF Gerresheim 1"]

1. e4 d5 2. exd5 Qxd5 3. Nf3 Bg4 4. Be2 Nc6 5. d4 O-O-O 6. c4 Qd7 7. d5 Bxf3 8.
Bxf3 Ne5 9. Nc3 Nf6 10. O-O e6 11. Bf4 Nxf3+ 12. Qxf3 exd5 13. Rfd1 Qg4 14.
Qxg4+ Nxg4 15. Rxd5 $11 Rxd5 16. Nxd5 c6 17. Ne3 Nxe3 18. Bxe3 a6 19. Bd4 f6
20. Rd1 Be7 21. Bb6 Bd8 22. Bxd8 Rxd8 23. Rxd8+ Kxd8 24. f4 Kd7 25. Kf2 Kd6 26.
Ke3 Kc5 1/2-1/2

[Event "SF Gerresheim 1 - Gütersloher SV 1"]
[Site "NRW-Klasse, Gruppe 2 2012/201"]
[Date "2012.11.18"]
[Round "3.4"]
[White "Lemanczyk, Thomas"]
[Black "Plaßmann, Dominik"]
[Result "0-1"]
[WhiteElo "2201"]
[BlackElo "2049"]
[PlyCount "60"]
[EventDate "2012.??.??"]
[WhiteTeam "SF Gerresheim 1"]
[BlackTeam "Gütersloher SV 1"]

1. Nf3 Nf6 2. c4 g6 3. g3 Bg7 4. Bg2 d6 5. d4 O-O 6. O-O Nbd7 7. Nc3 e5 8. e4
a5 9. Re1 h6 10. Rb1 Kh7 11. h3 Ng8 12. Be3 Ne7 13. dxe5 Nxe5 14. Nxe5 Bxe5 15.
Qd2 Bg7 16. g4 f5 17. exf5 gxf5 18. g5 Ng6 19. gxh6 Bf6 20. Nd5 Bh4 21. Qc3 Rg8
22. Kh2 c6 23. Nf4 Bf6 24. Qd2 Be5 25. Kh1 Qg5 26. Nxg6 Qxg6 27. Rg1 f4 28.
Bxf4 Bxh3 29. Bd5 Bg4 30. f3 cxd5 0-1

[Event "SF Gerresheim 1 - Gütersloher SV 1"]
[Site "NRW-Klasse, Gruppe 2 2012/201"]
[Date "2012.11.18"]
[Round "3.5"]
[White "Hanhoerster, Stephan"]
[Black "Koehler, Markus"]
[Result "0-1"]
[WhiteElo "2104"]
[BlackElo "2104"]
[PlyCount "78"]
[EventDate "2012.??.??"]
[WhiteTeam "Gütersloher SV 1"]
[BlackTeam "SF Gerresheim 1"]

1. e4 g6 2. d4 Bg7 3. Nc3 c5 4. Nf3 cxd4 5. Nxd4 Nc6 6. Be3 Nf6 7. Be2 O-O 8.
Qd2 d5 9. Nxc6 bxc6 10. e5 Nd7 11. f4 f6 12. exf6 Nxf6 13. O-O Qd6 14. Bf3 Bg4
15. Rad1 Bxf3 16. Rxf3 Ng4 17. Bd4 e5 18. fxe5 Bxe5 19. Bxe5 Qxe5 20. Rg3 Nf6
21. Re3 Qc7 22. Qe2 Qb6 23. Na4 Qb4 24. b3 Rae8 25. c3 Qf4 26. Re6 Ne4 27. Rxe8
Rxe8 28. Rf1 Qe5 29. Qf3 Qe7 30. Qf4 Qg7 31. h3 h5 32. Kh2 g5 33. Qf5 h4 34.
Re1 Rf8 35. Qe6+ Kh7 36. c4 Qc7+ 37. Kg1 Qf4 38. Qd7+ Rf7 39. Qxc6 Qf2+ 0-1

[Event "SF Gerresheim 1 - Gütersloher SV 1"]
[Site "NRW-Klasse, Gruppe 2 2012/201"]
[Date "2012.11.18"]
[Round "3.6"]
[White "Van Lanen, Antoon"]
[Black "Grochtmann, Stephan"]
[Result "0-1"]
[WhiteElo "2123"]
[BlackElo "2015"]
[PlyCount "120"]
[EventDate "2012.??.??"]
[WhiteTeam "SF Gerresheim 1"]
[BlackTeam "Gütersloher SV 1"]

1. e4 c5 2. Nc3 Nc6 3. g3 g6 4. Bg2 Bg7 5. d3 e6 6. Nge2 Nge7 7. Bg5 h6 8. Be3
b6 9. O-O d5 10. exd5 exd5 11. d4 Ba6 12. Re1 O-O 13. dxc5 Rc8 14. Nxd5 Nf5 15.
cxb6 Nxe3 16. fxe3 axb6 17. Nd4 Ne5 18. b3 h5 19. c4 h4 20. gxh4 Qxh4 21. h3
Rfe8 22. a4 Qg3 23. Qe2 Rxc4 24. bxc4 Bxc4 25. Qf2 Qxf2+ 26. Kxf2 Nd3+ 27. Kg1
Nxe1 28. Nxb6 Nxg2 29. Kxg2 Rxe3 30. Nxc4 Rc3 31. Ra2 Bxd4 32. Nd6 Be5 33. Ne4
Re3 34. Nf2 Rg3+ 35. Kf1 Bd4 36. a5 Kg7 37. a6 Ba7 38. Ke1 Rf3 39. h4 Bxf2+ 40.
Rxf2 Ra3 41. Rf4 Rxa6 42. Kf2 Ra3 43. Kg2 Ra6 44. Rb4 Kh6 45. Kg3 Kh5 46. Rb7
Ra3+ 47. Kf4 Ra4+ 48. Kg3 Ra3+ 49. Kg2 f5 50. Rh7+ Kg4 51. Rh6 Ra2+ 52. Kg1 Ra6
53. Kf2 f4 54. Kg2 f3+ 55. Kh2 Rb6 56. h5 Rb2+ 57. Kg1 g5 58. Kf1 Kg3 59. Re6
Rb1+ 60. Re1 Rxe1+ 0-1